000 01227nam a2200289 c 4500
999 _c136718
_d136718
003 BLK
005 20230418111021.0
008 180409b bul|||||r ||||||| ||bul||
010 _aKNG00142667000
040 _aBLK
041 _aBUL
_cBUL
080 _aБългарска литература
_b821.163.2
_x(081.2)
_z821.163.2(081.2)
080 _aБългарска литература
_b821.163.2
_x-2
_z821.163.2-2
100 _9429765
_aРадичков, Йордан Димитров
_d1929-2004
139 _aРадичков, Йордан Димитров
_bР 14
245 1 0 _aИзбрани произведения
_bВ 3 т.
_cЙордан Димитров Радичков.
_nТ. 3
_pПиеси
257 _aBGR
260 _aСофия
_bБълг. писател
_c1989
_fВ. Търново : Д. Найденов
300 _a312 с.
_c21 см
380 _aX
760 1 _aРадичков, Йордан Димитров
_d1989
_h312 с.
_n3 112 тир.
_tТ. 3 Пиеси
852 _aЦб 159880
856 4 _qpdf
_i0.00
_ldisable
856 4 _qpdf
_i0.00
_ldisable
942 _cKNG
_n0
_02
_s1
944 _aCR
_c14.05.2013
_l14.05.2013 - от С1,Р / 14.05.2013
_kСевдалина_Василева
944 _aED
_c14.05.2013
_l14.05.2013 - от С1,Р / 14.05.2013
999 _d136718
999 _d136718
999 _d136718